| 000 | 00964cam a22002651 4500 | ||
|---|---|---|---|
| 001 | 14594 | ||
| 003 | BD-RjUL | ||
| 005 | 20211208235645.0 | ||
| 008 | 140206s1963 ne ac b 001 0 eng d | ||
| 035 | _a(BD-RjUL)14647 | ||
| 040 |
_aDLC/ICU _cICU _dDLC _dBD-RjUL _beng |
||
| 041 | _aeng | ||
| 082 | 0 | 0 |
_a582.09922 _bBAF 1963 |
| 100 | 1 |
_aBacker, C. A. _q(Cornelis Andries), _d1874- _945490 |
|
| 245 | 1 | 0 |
_aFlora of Java : _b(Spermatophytes only) / _cby C.A. Backer and R.C. Bakhuizen van den Brink, Jr. _nVol 1 _pGymnospermae, Families 1-7 |
| 260 |
_aGroningen : _bP. Noordhoff, _c1963 |
||
| 300 |
_axxiii,648p. : _billus., port. ; _c26 cm. |
||
| 500 | _aStamped on t.p. of v. 1: Stechert-Hafner Service Agency, New York. | ||
| 504 | _aIncludes bibliographies and Index | ||
| 650 | 0 |
_aPlants _zIndonesia _zJava. _945491 |
|
| 700 | 1 |
_aBakhuizen van den Brink, Reinier Cornelis, _ejoint ed. _945492 |
|
| 942 |
_2ddc _cBK |
||
| 999 |
_c14594 _d14594 |
||